| 000 | 00380nam a2200133Ia 4500 | ||
|---|---|---|---|
| 008 | 231129s1983||||xx |||||||||||||| ||spa|| | ||
| 040 | _bspa | ||
| 082 | _aBo868 A694d | ||
| 100 | _aArguedas Alcides | ||
| 245 | 0 | _aLa danza de las sombras :Apuntes sobre cosas gentes y gentezuelas de la America Espanola | |
| 260 | _c1983 | ||
| 264 | _aBanco de la Republica | ||
| 942 |
_2ddc _cBKS |
||
| 999 |
_c16823 _d16823 |
||